<?xml version="1.0" encoding="UTF-8"?>
<record
    xmlns:xsi="http://www.w3.org/2001/XMLSchema-instance"
    xsi:schemaLocation="http://www.loc.gov/MARC21/slim http://www.loc.gov/standards/marcxml/schema/MARC21slim.xsd"
    xmlns="http://www.loc.gov/MARC21/slim">

  <leader>00506nam a2200145   4500</leader>
  <controlfield tag="008">731 J614r</controlfield>
  <datafield tag="020" ind1=" " ind2=" ">
    <subfield code="a">9789968530385</subfield>
  </datafield>
  <datafield tag="082" ind1=" " ind2=" ">
    <subfield code="a">731</subfield>
    <subfield code="b">J614r</subfield>
  </datafield>
  <datafield tag="100" ind1=" " ind2=" ">
    <subfield code="a">Jim&#xE9;nez, Marisel</subfield>
    <subfield code="9">6183</subfield>
  </datafield>
  <datafield tag="245" ind1=" " ind2=" ">
    <subfield code="a">El retablo de la corte de Marisel Jim&#xE9;nez</subfield>
  </datafield>
  <datafield tag="260" ind1=" " ind2=" ">
    <subfield code="a">San Jos&#xE9;</subfield>
    <subfield code="b">Fundaci&#xF3;n Museos del Banco Central</subfield>
    <subfield code="c">2017</subfield>
  </datafield>
  <datafield tag="300" ind1=" " ind2=" ">
    <subfield code="a">75 p.</subfield>
    <subfield code="b">ill (col)</subfield>
    <subfield code="c">27,5 x 21cm.</subfield>
  </datafield>
  <datafield tag="650" ind1=" " ind2=" ">
    <subfield code="x">arte contempor&#xE1;neo</subfield>
    <subfield code="x">escultura</subfield>
    <subfield code="x">escultura costarricense</subfield>
    <subfield code="x">exhibiciones</subfield>
    <subfield code="9">6184</subfield>
  </datafield>
  <datafield tag="700" ind1=" " ind2=" ">
    <subfield code="a">Monge, Mar&#xED;a Jos&#xE9; (coordinadora editorial)</subfield>
    <subfield code="9">6185</subfield>
  </datafield>
  <datafield tag="999" ind1=" " ind2=" ">
    <subfield code="c">1400</subfield>
    <subfield code="d">1400</subfield>
  </datafield>
  <datafield tag="952" ind1=" " ind2=" ">
    <subfield code="0">0</subfield>
    <subfield code="1">0</subfield>
    <subfield code="2">ddc</subfield>
    <subfield code="4">0</subfield>
    <subfield code="7">0</subfield>
    <subfield code="a">LV</subfield>
    <subfield code="b">LV</subfield>
    <subfield code="c">Monograf&#xED;as</subfield>
    <subfield code="d">2018-03-15</subfield>
    <subfield code="l">0</subfield>
    <subfield code="o">731 J614r</subfield>
    <subfield code="r">2018-03-15 00:00:00</subfield>
    <subfield code="w">2018-03-15</subfield>
    <subfield code="y">01</subfield>
  </datafield>
</record>
